Catálogo

PRACTICAS DE FISICA (Registro nro. 12625)

Detalles MARC
000 -LEADER
fixed length control field 00792nam a2200229 a 4500
001 - CONTROL NUMBER
control field 12625
005 - DATE AND TIME OF LATEST TRANSACTION
control field 20180713200916.0
008 - FIXED-LENGTH DATA ELEMENTS--GENERAL INFORMATION
fixed length control field 140415s1994 mx 000 0 spa d
020 ## - INTERNATIONAL STANDARD BOOK NUMBER
International Standard Book Number 9701003829
041 ## - LANGUAGE CODE
Language code of text/sound track or separate title spa
082 ## - DEWEY DECIMAL CLASSIFICATION NUMBER
Classification number 530.07
Item number KRA
100 1# - MAIN ENTRY--PERSONAL NAME
Personal name ZITZEWITZ, PAUL
245 10 - TITLE STATEMENT
Title PRACTICAS DE FISICA
250 ## - EDITION STATEMENT
Edition statement 1a ed.
260 ## - PUBLICATION, DISTRIBUTION, ETC.
Place of publication, distribution, etc. MEXICO :
Name of publisher, distributor, etc. MC GRAW HILL INTERAMERICANA DE MEXICO,
Date of publication, distribution, etc. 1994
300 ## - PHYSICAL DESCRIPTION
Extent 290
Dimensions x 21 x 27
520 ## - SUMMARY, ETC.
Summary, etc. ESTE LIBRO CONTIENE 52 EXPERIMENTOS , TANTO CUALITATIVOS COMO CUANTITATIVOS QUE REQUIEREN EL MANEJO DE APARATOS , LA OBSERVACIÓN Y LA RECOLECCIÓN DE DATOS.
650 14 - SUBJECT ADDED ENTRY--TOPICAL TERM
Topical term or geographic name entry element FISICA
700 1# - ADDED ENTRY--PERSONAL NAME
Personal name NEGORE CÁZARES, GABRIEL
Relator term tr.
740 ## - ADDED ENTRY--UNCONTROLLED RELATED/ANALYTICAL TITLE
Uncontrolled related/analytical title LABORATORY MANUAL PHYSICS, PRINCIPLES AND PROBLRMS
700 1# - ADDED ENTRY--PERSONAL NAME
Personal name KRAMER, CRAIG
Relator term coaut.
Existencias
Withdrawn status Lost status Source of classification or shelving scheme Damaged status Not for loan Collection code Home library Current library Shelving location Date acquired Source of acquisition Inventory number Total Checkouts Full call number Barcode Date last seen Date last checked out Price effective from Koha item type
    Dewey Decimal Classification     General Biblioteca Karol Wojtyla Biblioteca Karol Wojtyla Sala general 03/12/2013 Compra 151000000000000000040172   530.07 KRA 28996 05/01/2026 20/06/2016 03/12/2013 Libro